000 00288nam a22001217a 4500
008 190311b xxu||||| |||| 00| 0 eng d
041 _aeng
080 _a043.3
100 _a0
101 _aSHJ-BA
245 _aPartite Politike sipas orientimit programor
_cMaxhuni, B
942 _2udc
_cBK
999 _c54692
_d54692